000 00848nam a22002417i 4500
003 URS
005 20230428094500.0
008 200708s2019 ph ae||| |||| 000 0 eng d
020 _a9786218035454
_qvolume 1
040 _bEnglish
_erda
_cQCPL
_dURS
050 1 4 _aTH 438
_b.P832m 2021
100 1 _aPorte, Virgilio N.
_eauthor
245 1 0 _aSimplified methods on building construction (for fresh engineers) :
_bPart 1 : Construction method /
_cVirgilio N. Porte.
264 1 _aQuezon City :
_bLorimar Publishing,
_c[2021]
300 _a2 volumes :
_billustrations
336 _2rdacontent
_atext
337 _2rdamedia
_aunmediated
338 _2rdacarrier
_avolume
505 0 _avolume 1. Construction methods
650 0 _aBuilding -- Contracts and specifications.
_94582
650 0 _aConstruction industry -- Management.
_94583
942 _cF
_2lcc
999 _c69284
_d69283